000 00695nam a2200181Ia 4500
008 151018s9999 xx 000 0 und d
082 _bRBASDV41463
_a891.433
100 _aविजयदेव झारी
245 _aइन्दूमती व हिन्दी कि अन्य
250 _b1
260 _bशारदा प्रकाशन जळगांव
_c2005
300 _a123
600 _aविजयदेव झारी
630 _aइन्दूमती व हिन्दी कि अन्य
700 _aविजयदेव झारी
730 _aइन्दूमती व हिन्दी कि अन्य
942 _cBOOK
999 _c1040730
_d1040727